Gaming Quiz

Random Gaming or Video Games Quiz

Final Fantasy Summon List Quiz Stats

 Plays Quiz Updated Dec 22, 2013

Support Sporcle.
Go Orange.
Score 0/84 Timer 12:00
0 Plays Today
Game Introduced Summon % Correct
Final Fantasy IIIShiva
93.5%
Final Fantasy IIIIfrit
91.7%
Final Fantasy VIIChoco
91.4%
Final Fantasy IIIBahamut
90.8%
Final Fantasy IIIOdin
85.4%
Final Fantasy IIIChocobo
81%
Final Fantasy IIILeviathan
80.7%
Final Fantasy IIIRamuh
78.3%
Final Fantasy IIITitan
70.8%
Final Fantasy VI (cont.)Alexander
69.9%
Final Fantasy VCarbuncle
66.4%
Final Fantasy VIIKnights of the Round
64.5%
Final Fantasy VI (cont.)Cactuar
64.4%
Final Fantasy VIIBahamut ZERO
62.8%
Final Fantasy VIIITonberry
61.9%
Final Fantasy IVGoblin
61.8%
Final Fantasy VIINeo Bahamut
61.6%
Final Fantasy XAnima
61.4%
Final Fantasy XYojimbo
61%
Final Fantasy XMagus Sisters
61%
Final Fantasy XIxion
60.8%
Final Fantasy VPhoenix
60.1%
Final Fantasy XValefor
58.2%
Final Fantasy VIIIBrothers
57%
Final Fantasy VI (cont.)Gilgamesh
56.5%
Final Fantasy VIIIDoomtrain
55.3%
Final Fantasy IVAsura
52.5%
Final Fantasy IVBomb
50.3%
Game Introduced Summon % Correct
Final Fantasy VISiren
50.1%
Final Fantasy VIIHades
49%
Final Fantasy VI (cont.)Diabolos
45.9%
Final Fantasy VIIIEden
45.7%
Final Fantasy VIIIMoomba
44.5%
Final Fantasy VIIIQuetzacoatl
43.7%
Final Fantasy VICait Sith
42.8%
Final Fantasy VI (cont.)Fenrir
42.2%
Final Fantasy VIIICerberus
38.8%
Final Fantasy VIIKjata
36.5%
Final Fantasy IXArk
36%
Final Fantasy IXAtomos
35.9%
Final Fantasy IVMist Dragon
35.5%
Final Fantasy XII (cont.)Ultima
34.4%
Final Fantasy VIITyphon
33.8%
Final Fantasy VGolem
33.4%
Final Fantasy IVCockatrice
33.2%
Final Fantasy VIIIPandemona
32.9%
Final Fantasy IVSylph
31.8%
Final Fantasy VIUnicorn
30.4%
Final Fantasy VIMaduin
29.6%
Final Fantasy XIIBelias
29.4%
Final Fantasy IVMindflayer
29.3%
Final Fantasy IXMadeen
28.3%
Final Fantasy VI (cont.)Raiden
28.2%
Final Fantasy XII (cont.)Zodiark
27.8%
Final Fantasy VCatoblepas
26%
Final Fantasy VIIIBoko
26%
Game Introduced Summon % Correct
Final Fantasy VIPhantom
25.3%
Final Fantasy VI (cont.)Ragnarok
25.3%
Final Fantasy XIIMateus
25.1%
Final Fantasy XII (cont.)Chaos
25%
Final Fantasy VIBismarck
23.5%
Final Fantasy XIIZeromus
23.3%
Final Fantasy VI (cont.)Valigarmanda
22.8%
Final Fantasy VISeraph
22.3%
Final Fantasy VIKirin
22.1%
Final Fantasy XIIIBrynhildr
21.8%
Final Fantasy XII (cont.)Exodus
21.3%
Final Fantasy VIIIMiniMog
21.3%
Final Fantasy VSyldra
20.7%
Final Fantasy XII (cont.)Famfrit
20.3%
Final Fantasy XIIIHecatoncheir
20.3%
Final Fantasy VI (cont.)Crusader
19.6%
Final Fantasy VI (cont.)Midgardsormr
19.4%
Final Fantasy XIIZalera
19.2%
Final Fantasy XIGaruda
18.6%
Final Fantasy XII (cont.)Cúchulainn
18.6%
Final Fantasy VI (cont.)Lakshmi
18.5%
Final Fantasy VIZona Seeker
18.5%
Final Fantasy XIIAdrammelech
17.8%
Final Fantasy VI (cont.)Quetzalli
17.7%
Final Fantasy XIIHashmal
17.6%
Final Fantasy IVWhyt
16.3%
Final Fantasy VRemora
15.6%
Final Fantasy XIIShemhazai
15.2%

You're not logged in!

Compare scores with friends on all Sporcle quizzes.
OR
Log In
Forgot?

From the Vault

International Footballers: Get the Germans

by Horgems

Sports 3m
Wouldn't it be neat if they also kicked the football across national borders?
Remove Ads.
Support Sporcle.
Get the best of Sporcle when you Go Orange. This ad-free experience offers more features, more stats, and more fun while also helping to support Sporcle. Thank you for becoming a member.

Show Comments

Extras

Top Quizzes Today


Score Distribution

Your Account Isn't Verified!

In order to create a playlist on Sporcle, you need to verify the email address you used during registration. Go to your Sporcle Settings to finish the process.

Report this User

Report this user for behavior that violates our Community Guidelines.

Details: